00488nam a2200169Ia 4500999001700000003000400017005001700021008004100038040000900079082001900088100002800107245006300135260004800198300000900246650001800255942004500273 c35313d35313OSt20201214101736.0190216s9999||||xx |||||||||||||| ||und|| coclc a574.959bRIP/T aRipley, S Dillon 97416 4aThe Land And Wild Life Of Tropical Asia /cS Dillon Ripley bTime Life International,c1969.aNederland: a200p aTropical Asia cREF2ddch574.959iRIP/Tk574.959mRIP/T